The Beatles-Rubber Soul And Revolver-Match The Answer To The Lyric - Statistics

General Stats
  • This quiz has been taken 64 times
  • The average score is 17 of 28
Answer Stats
Hint Answer % Correct
Sont Des Mots Qui Vont Tres Bien Ensemble Michelle
98%
Wearing the face that she keeps in a jar by the door Eleanor Rigby
92%
I Told Her I Didn't And Crawled Off To Sleep In The Bath Norwegian Wood (This Bird Has Flown)
90%
Everybody seems to think I'm lazy I'm Only Sleeping
85%
Full speed ahead Mr. Boatswain, full speed ahead. Full speed ahead it is, Sgt. Cut the cable, drop the cable. Aye, Sir, aye. Captain, Captain. Yellow Submarine
85%
And these memories lose their meaning when I think of love as something new In My Life
81%
No sign of love behind the tears For No One
79%
Don't ask me what I want it for, if you don't want to pay some more Taxman
77%
Take a drink from his special cup Doctor Robert
71%
Working For Peanuts Is All Very Fine Drive My Car
71%
A man must break his back to earn his day of leisure? Girl
67%
Nobody can deny that there's something there Here, There, and Everywhere
67%
When I was a boy, everything was right She Said, She Said
63%
She feels good, she know she's looking fine Good Day Sunshine
58%
Take Your Time, Don't Hurry Nowhere Man
58%
When your prized possessions start to weigh you down And Your Bird Can Sing
56%
Let this be a sermon I mean everything I've said Run For Your Life
54%
Love has a nasty habit of disappearing overnight I'm Looking Through You
50%
Love me while you can, before I'm a dead old man Love You To
50%
Did you mean to break my heart and watch me die? What Goes On?
50%
Had you come some other day then it might not have been like this If I Needed Someone
48%
I Wouldn't Mind If I Knew What I Was Missing You Won't See Me
48%
In The Good And The Bad Books That I Have Read The Word
44%
I feel as though you ought to know that I've been good, as good as I can be Wait
44%
When I'm with you I want to stay there Got To Get You Into My Life
42%
That ignorance and hate may mourn the dead Tomorrow Never Knows
42%
The games begin to drag me down I Want To Tell You
40%
Although Your Mind's Opaque Think For Yourself
38%
No matching quizzes found
Score Distribution
Percent of People with Each Score
Percentile by Number Answered
Your Score History
You have not taken this quiz